Largest Chinese Cities Within 200km with a Map - Statistics

General Stats
  • This quiz has been taken 33 times
  • The average score is 32 of 71
Answers on the Map
Answers color-coded by a green-red scale on the quiz's map according to % correct below.
 
Answer Stats
Province Population City % Correct
Municipality 21893095 Beijing
93%
Municipality 24870895 Shanghai
93%
Shaanxi 11133823 Xi'an
93%
Guangdong 18676605 Guangzhou
90%
Sichuan 15419445 Chengdu
86%
Hubei 12447718 Wuhan
86%
Municipality 25379469 Chongqing
83%
Xinjiang 3980779 Urumqi
83%
Jiangsu 9314685 Nanjing
76%
Hunan 5980707 Changsha
72%
Heilongjiang 6976136 Harbin
72%
Shandong 7172451 Qingdao
69%
Liaoning 7885142 Shenyang
69%
Liaoning 5736383 Dalian
66%
Yunnan 5950578 Kunming
62%
Hainan 2873358 Haikou
59%
Inner Mongolia 2545608 Hohhot
59%
Guangxi 5977185 Nanning
59%
Jilin 5539649 Changchun
55%
Fujian 4094491 Fuzhou
55%
Guangdong 5437602 Shantou
55%
Shandong 8352574 Jinan
52%
Gansu 3186658 Lanzhou
52%
Tibet 648044 Lhasa
52%
Zhejiang 3004246 Wenzhou
52%
Henan 6650120 Zhengzhou
52%
Guizhou 4506134 Guiyang
48%
Hebei 5758403 Shijiazhuang
48%
Taiwan 4365947 New Taipei
45%
Shandong 3648324 Linyi
41%
Ningxia 1901793 Yinchuan
41%
Jiangxi 2588060 Ganzhou
38%
Xinjiang 569388 Hami
38%
Jiangxi 3929660 Nanchang
38%
Hainan 1031396 Sanya
38%
Xinjiang 715319 Aksu
34%
Xinjiang 221454 Altay
34%
Qinghai 221863 Golmud
34%
Heilongjiang 223832 Heihe
34%
Xinjiang 501028 Hotan
34%
Xinjiang 782662 Kashgar
34%
Gansu 185231 Dunhuang
31%
Inner Mongolia 75794 Erenhot
31%
Xinjiang 779352 Korla
31%
Tibet 158290 Shigatse
31%
Xinjiang 778047 Yining
31%
Gansu 519096 Zhangye
31%
Tibet 148511 Chamdo
28%
Inner Mongolia 1460381 Chifeng
28%
Inner Mongolia 449436 Hulunbuir
28%
Heilongjiang 862555 Jiamusi
28%
Heilongjiang 54036 Mohe
28%
Heilongjiang 930015 Mudanjiang
28%
Tibet 104490 Nagqu
28%
Jiangxi 2068763 Shangrao
28%
Inner Mongolia 921808 Tongliao
28%
Hubei 2319640 Xiangyang
28%
Shaanxi 1251557 Yulin
28%
Yunnan 903081 Baoshan
24%
Inner Mongolia 582206 Bayannur
24%
Qinghai 88227 Delingha
24%
Yunnan 642737 Jinghong
24%
Qinghai 18856 Mangnai
24%
Hainan 2433 Sansha
24%
Yunnan 623772 Wenshan
24%
Inner Mongolia 349953 Xilinhot
24%
Sichuan 2158312 Yibin
24%
Qinghai 141308 Yushu
24%
Xinjiang 530328 Kuqa
21%
Tibet 84254 Nyingchi
21%
Sichuan 955041 Xichang
21%
No matching quizzes found
Score Distribution
Percent of People with Each Score
Percentile by Number Answered
Your Score History
You have not taken this quiz